Szczegóły MARC21

W oczekiwaniu na dziecko : [poradnik dla przyszłych matek i ojców] /

003 -Nazwa inst., której nr kontr. jest w polu 001 [,]
    • @
    • Nazwa instytucji, której n kontrolny jest w polu 001
    • NUKAT
005 -DATA I CZAS OSTATNIEJ MODYFIKACJI [,]
    • @
    • pole kontrolne
    • 20241231104109.0
020 -Międzynarod. znormalizowany nr książki - ISBN [ , ]
    • a
    • Numer ISBN
    • 8371206666 Find
040 -Instytucja sporządzająca opis [ , ]
    • a
    • Instytucja, która sporządziła opis (NP)
    • WA U/92KP
    • c
    • Instytucja, która sporządziła rekord (NP)
    • WA U/92KP
    • d
    • Instytucja, która zmodyfikowała rekord (P)
    • WA U/92DM
    • d
    • Instytucja, która zmodyfikowała rekord (P)
    • KR 295/AD
041 -Język dokumentu [1, ]
    • a
    • Język tekstu (P)
    • polski
    • h
    • Język tekstu oryginalnego i/lub pośredniego (P)
    • angielski
942 -Rodzaj dokumentu [ , ]
    • c
    • Rodzaj dokumentu
    • Książka
100 -Hasło główne - nazwa osobowa [1, ]
    • a
    • Nazwa osobowa (NP)
    • Eisenberg, Arlene.
    • 9
    • KHW
    • 434376
240 -Tytuł ujednolicony [1,0]
    • a
    • Tytuł ujednolicony
    • What to expect when you're expecting
    • l
    • Język tekstu
    • (pol.)
    • 9
    • KHW
    • 715020
245 -Strefa tytułu i oznaczenia odpowiedzialności [1,0]
    • a
    • Tytuł
    • W oczekiwaniu na dziecko : Find
    • b
    • Ciąg dalszy tytułu (NP)
    • [poradnik dla przyszłych matek i ojców] / Find
    • c
    • Pozostałe elementy strefy tytułu i oznaczenia odpowiedzialności (NP)
    • Arlene Eisenberg, Heidi E. Murkoff, Sandee E. Hathaway ; przedm. i konsult. nauk. Zbigniew Słomko ; [tł. zespół pod kier. Zbigniewa Słomko].
250 -Strefa wydania [ , ]
    • a
    • Oznaczenie wydania (NP)
    • Wyd. 4 (uaktual. i popr.).
260 -Strefa adresu wydawniczego [ , ]
    • a
    • Miejsce wydania (P)
    • Poznań :
    • b
    • Nazwa wydawcy (P)
    • Rebis,
    • c
    • Data wydania (P)
    • 1998.
300 -Strefa opisu fizycznego [ , ]
    • a
    • Określenie formy książki i/lub objętość (NP)
    • 473 s. :
    • b
    • Oznaczenie ilustracji (NP)
    • il. ;
    • c
    • Format (NP)
    • 25 cm.
336 -Typ zawartości [ , ]
    • a
    • Termin opisujący typ zawartości
    • Tekst
    • b
    • Kod określający zawartość
    • txt
    • 2
    • Źródło (terminu i kodu)
    • rdacontent
337 -Typ mediów [ , ]
    • a
    • Tryb odtwarzania
    • Bez urządzenia pośredniczącego
    • b
    • Kod typu mediów
    • n
    • 2
    • Źródło (terminu i kodu)
    • rdamedia
338 -Typ/rodzaj nośnika [ , ]
    • a
    • Hasło opisujące typ nośnika
    • Wolumin
    • b
    • Kod typu nośnika
    • nc
    • 2
    • Źródło (terminu i kodu)
    • rdacarrier
080 -Uniwersalna Klasyfikacja Dziesiętna [ , ]
    • a
    • Symbol klasyfikacji
    • 612.6
    • 9
    • UKD
    • 4553
    • 2
    • Identyfikator wydania tablic
    • UDC-P058
    • b
    • Dopowiedzenie
    • Fizjologia rozrodu, wzrastania i rozwoju. Starzenie się. Długowieczność.
080 -Uniwersalna Klasyfikacja Dziesiętna [ , ]
    • a
    • Symbol klasyfikacji
    • :613.99
080 -Uniwersalna Klasyfikacja Dziesiętna [ , ]
    • a
    • Symbol klasyfikacji
    • :618.2/.7
980 -Symbol UKD [ , ]
    • a
    • UKD
    • 612.6:613.99:618.2/.7
700 -Hasło dodatkowe - nazwa osobowa [1, ]
    • a
    • Nazwa osobowa (NP)
    • Murkoff, Heidi Eisenberg. Find
    • 9
    • KHW
    • 434380
700 -Hasło dodatkowe - nazwa osobowa [1, ]
    • a
    • Nazwa osobowa (NP)
    • Hathaway, Sandee Eisenberg. Find
    • 9
    • KHW
    • 434378
700 -Hasło dodatkowe - nazwa osobowa [1, ]
    • a
    • Nazwa osobowa (NP)
    • Słomko, Zbigniew Find
    • d
    • Daty biograficzne (NP)
    • (1930- ).
    • e
    • Określenie rodzaju współpracy
    • Oprac.
    • 9
    • KHW
    • 715018
710 -Hasło dodatkowe - nazwa ciała zbiorowego [2, ]
    • a
    • Nazwa ciała zbiorowego lub nazwa geograficzna jako pierwszy element (NP)
    • Dom Wydawniczy REBIS.
    • 4
    • Kod relacji
    • pbl
    • 9
    • KHW
    • 55051
920 -ISBN [ , ]
    • a
    • ISBN
    • 83-7120-666-6 Find
Numer inwentarzowy Status udost. Lokalizacja Data inwentaryzacji
Pd.177431BG2006-05-23